[Event "27. Friedensfest-Open (AFRO-A)"]
[Site "Augsburg"]
[Date "2022.08.05"]
[Round "3.21"]
[White "Werner, Denis"]
[Black "Goldinger, Peter"]
[Result "1/2-1/2"]
[WhiteElo "1939"]
[BlackElo "2059"]
[EventDate "2022.08.04"]
[Time "09:30:00"]
[WhiteTeam "SC Garching 1980 e.V."]
[BlackTeam "SF Pfullingen"]

1.e4 e6 2.Nf3 d5 3.Nc3 Nf6 4.e5 Nfd7 5.d4 c5 6.dxc5 Nc6 7.Bf4 a6 8.a3 Nxc5
9.Be2 Be7 10.O-O O-O 11.Qd2 f6 12.Rfe1 fxe5 13.Nxe5 Bd6 14.Nxc6 bxc6 15.
Bxd6 Qxd6 16.Bf3 e5 17.Rad1 Bb7 18.Qg5 Rae8 19.b4 Nd7 20.Ne4 Qe7 21.Qxe7 
Rxe7 22.Nd6 Ba8 23.c4 e4 24.Be2 Ne5 25.c5 g6 26.h3 Nf7 27.Nxf7 Kxf7 28.Rd2
Bb7 1/2-1/2

[Event "27. Friedensfest-Open (AFRO-A)"]
[Site "Augsburg"]
[Date "2022.08.04"]
[Round "1.12"]
[White "Zeier, Klaus"]
[Black "Kamenskyi, Dmytro"]
[Result "1/2-1/2"]
[WhiteElo "2161"]
[BlackElo "1996"]
[EventDate "2022.08.04"]
[WhiteTeam "SK 1926 Ettlingen"]
[BlackTeam "SK Kriegshaber"]

1.e4 e6 2.d4 d5 3.Bd3 dxe4 4.Bxe4 Nd7 5.Ne2 Ngf6 6.Bf3 Bd6 7.Nbc3 e5 8.Bg5
O-O 9.O-O h6 10.Bh4 Re8 11.Bd5 g5 12.Bg3 Nxd5 13.Nxd5 Nf6 14.Nec3 Nxd5 15.
Nxd5 c6 16.dxe5 Bxe5 17.Re1 Qxd5 18.Qxd5 cxd5 19.Bxe5 Bf5 20.c3 Re6 21.Bd4
a6 22.f3 Rae8 23.Rxe6 Rxe6 24.Kf2 Bd3 25.Be3 f5 26.g3 Bb5 27.Rd1 Bc6 28.
Rd4 Kf7 29.h3 Kf6 30.Rd1 Re8 31.Rh1 Bb5 32.Rd1 Bc6 33.Rd4 Re6 34.f4 Re4 
35.fxg5+ hxg5 36.h4 gxh4 37.gxh4 Kg6 38.Kf3 Kh5 39.Bf2 b5 40.a3 Bb7 41.Bg3
Bc6 42.Bf2 1/2-1/2

[Event "27. Friedensfest-Open (AFRO-A)"]
[Site "Augsburg"]
[Date "2022.08.06"]
[Round "5.3"]
[White "Grimberg, Boris"]
[Black "Seisenberger, Georg"]
[Result "1-0"]
[WhiteElo "2328"]
[BlackElo "2085"]
[EventDate "2022.08.04"]
[Time "09:30:00"]
[WhiteTeam "SAbt TSV Haunstetten"]
[BlackTeam "SV Ilmmuenster"]

1.e4 e6 2.d4 d5 3.e5 c5 4.c3 Nc6 5.Nf3 Bd7 6.dxc5 Bxc5 7.Bd3 a6 8.O-O Nge7
9.Nbd2 Ng6 10.Nb3 Be7 11.Re1 Rc8 12.g3 O-O 13.Nbd4 Qc7 14.Qe2 Rce8 15.h4 
f6 16.Bxg6 hxg6 17.Bf4 f5 18.Bg5 Bc5 19.Kg2 Kf7 20.Nb3 Ba7 21.Be3 Bxe3 22.
Qxe3 Na5 23.Ng5+ Ke7 24.Nh7 Rh8 25.Qg5+ Kf7 26.h5 gxh5 27.Qxh5+ g6 28.Qh4 
Reg8 29.Qf6+ Ke8 30.Ng5 Nxb3 31.axb3 Qd8 32.Qf7# 1-0

[Event "27. Friedensfest-Open (AFRO-A)"]
[Site "Augsburg"]
[Date "2022.08.05"]
[Round "3.41"]
[White "Blodig, Vincent"]
[Black "Heyne, Regina"]
[Result "1-0"]
[WhiteElo "1507"]
[BlackElo "1861"]
[EventDate "2022.08.04"]
[Time "09:30:00"]
[WhiteTeam "SF Augsburg"]
[BlackTeam "FC Bayern Muenchen e.V."]

1.e4 e6 2.d4 d5 3.e5 c5 4.c3 Nc6 5.Nf3 Qb6 6.a3 Be7 7.b4 cxb4 8.axb4 Bd7 
9.Bd3 Nh6 10.Nbd2 f6 11.Nb3 Nf7 12.b5 Ncd8 13.Qe2 Qc7 14.O-O Qxc3 15.Bd2 
Qc7 16.b6 Qb8 17.Bf4 f5 18.bxa7 Rxa7 19.h4 h6 20.h5 Nc6 21.Nfd2 Nb4 22.
Rxa7 Qxa7 23.Bb1 Qb6 24.Qe3 O-O 25.Kh2 Rc8 26.Rg1 Nc2 27.Qh3 Nxd4 28.Be3 
Bc5 29.Nxc5 Qxc5 30.Nb3 Ng5 31.Bxg5 Nxb3 32.Be3 Qc3 33.Qh4 Qxe5+ 34.Kh1 d4
35.Bf4 Qf6 36.Qg3 Rc3 37.f3 Rc5 38.Re1 Kf7 39.Ba2 Rc3 40.Qf2 Bc6 41.Be5 
Qg5 42.Bxd4 Rd3 43.Be3 f4 44.Bb6 Rd2 45.Bxb3 Qxh5+ 46.Kg1 Rxf2 47.Bxe6+ 
Kg6 48.Bxf2 Qg5 49.Kh2 h5 50.Bb3 Bd5 51.Bc2+ Kh6 52.Kh3 b5 53.Bh4 1-0

[Event "27. Friedensfest-Open (AFRO-A)"]
[Site "Augsburg"]
[Date "2022.08.04"]
[Round "1.4"]
[White "Vuckovic, Zarko"]
[Black "Goldinger, Peter"]
[Result "1-0"]
[WhiteElo "2286"]
[BlackElo "2059"]
[EventDate "2022.08.04"]
[WhiteTeam "SF Augsburg"]
[BlackTeam "SF Pfullingen"]

1.e4 e6 2.d4 d5 3.e5 c5 4.c3 Nc6 5.Nf3 Bd7 6.a3 f6 7.Bd3 cxd4 8.cxd4 Qb6 
9.O-O f5 10.Nc3 a6 11.Be3 Nh6 12.Bxh6 gxh6 13.Bxf5 O-O-O 14.Na4 Qa7 15.Bh3
Kb8 16.b4 Nxd4 17.Qxd4 Bxa4 18.Qxa7+ Kxa7 19.Nd4 Bd7 20.Bxe6 Bg7 21.f4 
Rhe8 22.Bxd7 Rxd7 23.Rac1 h5 24.Kf2 Rf7 25.Kg3 Bh6 26.Ne2 d4 27.Rcd1 d3 
28.Rxd3 Rxe5 29.Kf3 a5 30.g3 axb4 31.axb4 Rb5 32.Ra1+ Kb8 33.Ra5 Rxb4 34.
Rxh5 Bf8 35.Nd4 Ra4 36.Ne6 Ra3 37.Rxa3 Bxa3 38.Ng5 Re7 39.Nxh7 b6 40.g4 
Rb7 41.Nf6 b5 42.Ne4 Be7 43.g5 b4 44.g6 Bf6 45.Nxf6 b3 46.Re5 1-0

[Event "27. Friedensfest-Open (AFRO-A)"]
[Site "Augsburg"]
[Date "2022.08.07"]
[Round "7.35"]
[White "Blodig, Vincent"]
[Black "Kamenskyi, Dmytro"]
[Result "0-1"]
[WhiteElo "1507"]
[BlackElo "1996"]
[EventDate "2022.08.04"]
[Time "09:30:00"]
[WhiteTeam "SF Augsburg"]
[BlackTeam "SK Kriegshaber"]

1.e4 e6 2.d4 d5 3.e5 c5 4.c3 Nc6 5.Nf3 Qb6 6.a3 c4 7.g3 Na5 8.Nbd2 Bd7 9.
Bg2 Ne7 10.Nh4 O-O-O 11.f4 Kb8 12.O-O g6 13.g4 h6 14.Qc2 Qc7 15.a4 Qb6 16.
Bh1 Rc8 17.Ng2 Qd8 18.Ne3 Nec6 19.b4 cxb3 20.Nxb3 Nxb3 21.Qxb3 Na5 22.Qb2 
Qc7 23.Bd2 Nc4 24.Nxc4 Qxc4 25.Rfb1 Rc7 26.Bf3 Bxa4 27.Kf2 Bd7 28.Be2 Qc6 
29.Bb5 Qxb5 30.Qxb5 Bxb5 31.Rxb5 Be7 32.Kg3 h5 33.g5 b6 34.Kf3 Kb7 35.Ke3 
a6 36.Rb2 Rc4 37.Kd3 Rhc8 38.Rba2 a5 39.Rb2 Ka6 40.Rab1 Rb8 41.Rb5 Bb4 42.
cxb4 Kxb5 43.bxa5+ Ka6 44.axb6 Rxb6 45.Ra1+ Kb7 46.Ra3 Ra6 47.Rb3+ Kc7 48.
Bb4 Ra2 49.Bd6+ Kc6 50.Rb8 Rxh2 51.Rc8+ Kb5 52.Rb8+ Ka4 53.Ra8+ Kb3 54.
Rb8+ Ka2 55.Ra8+ Kb1 56.Ra7 Rh3+ 57.Ke2 Rc2+ 0-1

[Event "27. Friedensfest-Open (AFRO-A)"]
[Site "Augsburg"]
[Date "2022.08.05"]
[Round "3.13"]
[White "Roehr, Oliver"]
[Black "Kamenskyi, Dmytro"]
[Result "0-1"]
[WhiteElo "2141"]
[BlackElo "1996"]
[EventDate "2022.08.04"]
[Time "09:30:00"]
[WhiteTeam "SV Mattnetz Berlin e.V."]
[BlackTeam "SK Kriegshaber"]

1.e4 e6 2.d4 d5 3.Nc3 Bb4 4.e5 Ne7 5.a3 Bxc3+ 6.bxc3 c5 7.Qg4 cxd4 8.Qxg7 
Rg8 9.Qxh7 Qc7 10.Ne2 Nbc6 11.f4 dxc3 12.Qd3 d4 13.Nxd4 Nxd4 14.Qxd4 Bd7 
15.Rb1 Nf5 16.Qf2 Qc6 17.Rg1 O-O-O 18.g4 Qe4+ 19.Qe2 Qd4 20.Rg2 Bc6 21.Rf2
Nh4 22.Rb4 Qd5 23.Rc4 Kb8 24.Rxc6 Qxc6 25.Bg2 Nxg2+ 26.Rxg2 Rh8 27.f5 Rd4 
0-1

[Event "27. Friedensfest-Open (AFRO-A)"]
[Site "Augsburg"]
[Date "2022.08.05"]
[Round "4.33"]
[White "Waibel, Manuel"]
[Black "Reif, Hermann"]
[Result "1-0"]
[WhiteElo "1740"]
[BlackElo "2009"]
[EventDate "2022.08.04"]
[Time "15:30:00"]
[WhiteTeam "Schachges. Augsburg 1873"]
[BlackTeam "SK Krumbach"]

1.e4 e6 2.d4 d5 3.Nc3 Nf6 4.e5 Nfd7 5.Nf3 c5 6.Ne2 Nc6 7.c3 f6 8.Nf4 Nb6 
9.Bd3 Bd7 10.Ng5 fxg5 11.Qh5+ Ke7 12.Ng6+ hxg6 13.Bxg5+ 1-0

[Event "27. Friedensfest-Open (AFRO-A)"]
[Site "Augsburg"]
[Date "2022.08.05"]
[Round "4.11"]
[White "Doll, Luca Fabio"]
[Black "Rentschler, Hans-Joachim"]
[Result "1/2-1/2"]
[WhiteElo "1653"]
[BlackElo "2087"]
[EventDate "2022.08.04"]
[Time "15:30:00"]
[WhiteTeam "TSV Langenau"]
[BlackTeam "TSV Langenau"]

1.e4 e6 2.d4 d5 3.Nc3 Nf6 4.exd5 exd5 5.Nf3 Nc6 6.a3 a6 7.Bd3 Bd6 8.O-O 
O-O 9.h3 h6 10.Be3 Be6 11.Re1 Re8 12.Qd2 Bf8 13.Rac1 Qd7 14.Bf1 Bf5 15.
Rcd1 Rad8 16.Bf4 Rxe1 17.Rxe1 Re8 18.Rxe8 Nxe8 19.Bd3 Bxd3 20.Qxd3 Nf6 21.
Bh2 Bd6 22.Bxd6 Qxd6 23.Qe3 Qe6 24.Qxe6 fxe6 25.Kf1 Kf7 26.Ke2 Ne8 27.b3 
Kf6 28.Kd3 Nd6 29.Nh2 Kf7 30.Nf1 Ne7 31.Ne3 Ndf5 32.Nxf5 Nxf5 33.Ne2 c6 
34.b4 b5 35.c3 Kf6 36.Ng1 Nd6 37.Nf3 Nf7 38.g3 g6 39.Ke3 Ke7 1/2-1/2

[Event "27. Friedensfest-Open (AFRO-A)"]
[Site "Augsburg"]
[Date "2022.08.06"]
[Round "6.31"]
[White "Blodig, Samuel"]
[Black "Reif, Hermann"]
[Result "0-1"]
[WhiteElo "1479"]
[BlackElo "2009"]
[EventDate "2022.08.04"]
[Time "15:30:00"]
[WhiteTeam "TV Riedenburg Schach"]
[BlackTeam "SK Krumbach"]

1.e4 e6 2.d4 d5 3.Nd2 Nf6 4.e5 Nfd7 5.f4 c5 6.c3 Nc6 7.Ngf3 cxd4 8.cxd4 
Nb6 9.Be2 Bd7 10.O-O Be7 11.Nb3 Rc8 12.Bd3 a5 13.Ng5 g6 14.Be3 Nc4 15.Bxc4
dxc4 16.Nc5 h6 17.Nge4 b6 18.Nb7 Qc7 19.Nbd6+ Kf8 20.Nxc8 Bxc8 21.Rc1 Nb4 
22.Nc3 Bb7 23.b3 Nd3 24.Nb5 Qc6 25.Rc2 Nb4 26.bxc4 Nxc2 27.Qxc2 Kg7 28.Rf2
h5 29.Rd2 Rd8 30.a3 Rd7 31.Qc3 Ba6 32.d5 exd5 33.Nd6 Kg8 34.c5 Bxd6 35.
exd6 Rxd6 36.cxd6 Qxc3 37.d7 Qxe3+ 0-1

[Event "27. Friedensfest-Open (AFRO-A)"]
[Site "Augsburg"]
[Date "2022.08.04"]
[Round "2.24"]
[White "Lang, Thomas"]
[Black "Reif, Hermann"]
[Result "1-0"]
[WhiteElo "1792"]
[BlackElo "2009"]
[EventDate "2022.08.04"]
[Time "15:30:00"]
[WhiteTeam "SG Schwaebisch Gmuend 1872 e.V"]
[BlackTeam "SK Krumbach"]

1.e4 e6 2.d4 d5 3.Nd2 Nf6 4.e5 Nfd7 5.f4 c5 6.c3 Nc6 7.Ndf3 cxd4 8.Nxd4 
Qb6 9.Ngf3 Be7 10.g3 Nxd4 11.cxd4 f6 12.Bh3 O-O 13.O-O f5 14.Kh1 Rf7 15.
Qe2 Nf8 16.Be3 Bd7 17.a4 Rc8 18.g4 Qb3 19.gxf5 exf5 20.Nd2 Qb6 21.Rg1 Qh6 
22.Bg2 Bc6 23.Bf3 Ne6 24.Qg2 Rd8 25.Nb1 Kh8 26.Nc3 Nc7 27.Rab1 Bb4 28.Na2 
Bf8 29.Nc3 Bb4 30.Na2 Bf8 31.b3 Na6 32.b4 Nc7 33.b5 Be8 34.Nc3 Rfd7 35.Qe2
b6 36.Rg5 g6 37.Rbg1 Be7 38.R5g3 Ne6 39.Qg2 Nc7 40.Rh3 Qg7 41.Ne2 Bf7 42.
Ng3 Rg8 43.Qc2 Be6 44.Bd2 Qf7 45.Qb3 g5 46.Nf1 g4 47.Rhg3 h5 48.Bd1 h4 49.
Rc3 Ne8 50.Rc6 Ng7 51.Be3 Bf8 52.Rg2 Nh5 53.Rgc2 Re7 54.Bf2 g3 55.hxg3 
hxg3 56.Bxg3 Nxg3+ 57.Nxg3 Rg6 58.Rh2+ Rh6 59.Rc2 Kg8 60.Nh5 Bg7 61.Rcg2 
Rg6 62.Nf6+ Rxf6 63.exf6 Qxf6 64.Qh3 Kf8 65.Qc3 Qxd4 66.Qxd4 Bxd4 67.Re2 
Bf6 68.Bb3 Kf7 69.Rh7+ Bg7 70.Rh3 Bd4 71.Rd3 Bc5 72.Kh2 Kf6 73.Rh3 Kg7 74.
Rg2+ Kf7 75.Rh7+ Ke8 76.Rxe7+ Kxe7 77.Rg7+ Kd6 78.Rxa7 d4 79.Bxe6 Kxe6 80.
Kg2 Kd5 81.Kf3 Kc4 82.Ke2 Kc3 83.Kd1 Kd3 84.Rc7 Kc4 85.Rf7 Kb4 86.Rxf5 
Kxa4 87.Rxc5 1-0

[Event "27. Friedensfest-Open (AFRO-A)"]
[Site "Augsburg"]
[Date "2022.08.05"]
[Round "4.28"]
[White "Poniatowski, Pawel"]
[Black "Schuelke, Tilman"]
[Result "1-0"]
[WhiteElo "2071"]
[BlackElo "1867"]
[EventDate "2022.08.04"]
[Time "15:30:00"]
[WhiteTeam "SK Klosterlechfeld"]
[BlackTeam "SF Pfullingen"]

1.e4 g6 2.d4 d6 3.Bc4 Bg7 4.Qf3 e6 5.Nh3 h6 6.Be3 Nc6 7.c3 a6 8.O-O Nf6 9.
Bb3 e5 10.Nd2 Bg4 11.Qg3 Qd7 12.f3 Bxh3 13.gxh3 Nh5 14.Qg4 Nf6 15.Qg2 Nh5 
16.dxe5 dxe5 17.f4 Na5 18.fxe5 Nxb3 19.Nxb3 b6 20.Rad1 Qe7 21.Rd5 c6 22.
Rd6 Qxe5 23.Rxc6 O-O 24.Rxb6 Rfe8 25.Bd4 Qxe4 26.Qxe4 Rxe4 27.Bxg7 Kxg7 
28.Rb7 Nf4 29.Nc5 Ne2+ 30.Kg2 Rf4 31.Ne6+ 1-0

[Event "27. Friedensfest-Open (AFRO-A)"]
[Site "Augsburg"]
[Date "2022.08.04"]
[Round "2.19"]
[White "Goldinger, Peter"]
[Black "Schuelke, Tilman"]
[Result "1-0"]
[WhiteElo "2059"]
[BlackElo "1867"]
[EventDate "2022.08.04"]
[Time "15:30:00"]
[WhiteTeam "SF Pfullingen"]
[BlackTeam "SF Pfullingen"]

1.e4 g6 2.d4 d6 3.f4 c6 4.Nc3 Bg7 5.Nf3 Bg4 6.Be3 d5 7.h3 Bxf3 8.gxf3 e6 
9.Qd2 f5 10.O-O-O Nf6 11.Bd3 O-O 12.Kb1 Nbd7 13.Rde1 Rf7 14.e5 Nh5 15.Ne2 
b5 16.b3 a5 17.c4 bxc4 18.bxc4 Bf8 19.c5 Bh6 20.Ka1 Nf8 21.Rb1 Rfa7 22.Rb6
Qc8 23.Nc3 a4 24.a3 Nd7 25.Rb4 Qd8 26.Bc2 Qh4 27.Ne2 Kh8 28.Qe1 Qe7 29.h4 
Rb8 30.Ka2 Qd8 31.Rxa4 Rxa4 32.Bxa4 Qc8 33.Qd2 Qa6 34.Bb3 Ng7 35.Rd1 Ne8 
36.Qd3 Qa7 37.Rb1 Nc7 38.Bc2 Rxb1 39.Kxb1 Bf8 40.a4 Be7 41.Bf2 Bd8 42.Kc1 
Ne8 43.Be1 Ng7 44.Kd1 Nh5 45.a5 Nb8 46.Qa3 Kg8 47.Bd3 Kf7 48.a6 Ke8 49.Ba5
Bxa5 50.Qxa5 Nd7 51.Kd2 Ke7 52.Ke3 Ng7 53.Nc3 Ne8 54.Na4 Nc7 55.Nb6 Kd8 
56.Nxd7 Kxd7 57.Qb6 Qa8 58.a7 Kc8 59.Ba6+ Nxa6 60.Qxa6+ Kc7 61.Qb6+ Kc8 
62.h5 gxh5 63.Kf2 Qb7 64.Kg3 Qg7+ 65.Kh4 Qe7+ 66.Kxh5 Qf7+ 67.Kh4 Qe7+ 68.
Kh3 Qb7 69.Qa5 Qa8 70.Qa6+ Kc7 71.Qb6+ Kc8 72.Kh4 Qb7 73.Qxb7+ Kxb7 74.
a8=Q+ Kxa8 75.Kh5 Kb7 76.Kh6 Ka6 77.Kxh7 Kb5 78.Kg6 Kc4 79.Kf6 Kxd4 80.
Kxe6 Kxc5 81.Kxf5 d4 82.Ke4 Kc4 83.e6 d3 84.e7 d2 85.e8=Q d1=Q 86.Qxc6+ 
Kb4 87.f5 Qe1+ 88.Kd5 Qd2+ 89.Ke6 Qg5 90.Qe4+ Kc5 91.f6 Qh6 92.Ke7 Qg5 93.
f4 Qh4 94.Qe5+ Kc6 95.Qg5 Qe1+ 96.Kf8 Qb4+ 97.Kg8 Qb8+ 98.Kg7 Qb2 99.Qe5 
Qg2+ 100.Kf8 Qh3 101.f7 Qa3+ 102.Qe7 Qb2 103.Kg8 Qb3 104.Qf6+ Kd7 105.f5 
Qg3+ 106.Qg6 Qb3 107.Qe6+ 1-0

[Event "27. Friedensfest-Open (AFRO-A)"]
[Site "Augsburg"]
[Date "2022.08.05"]
[Round "3.22"]
[White "Wunderlich, Elias"]
[Black "Knoll, Georg"]
[Result "0-1"]
[WhiteElo "1734"]
[BlackElo "1985"]
[EventDate "2022.08.04"]
[Time "09:30:00"]
[WhiteTeam "SC Garching 1980 e.V."]
[BlackTeam "VfL Leipheim 1898"]

1.e4 g6 2.d4 Bg7 3.Nf3 c5 4.c3 Qa5 5.Bd2 d6 6.Na3 Nf6 7.Bd3 O-O 8.h3 a6 9.
Nc4 Qc7 10.a4 Nbd7 11.Ne3 Rb8 12.g4 e6 13.h4 h5 14.Rg1 b5 15.axb5 axb5 16.
gxh5 Nxh5 17.Ng4 e5 18.d5 c4 19.Bc2 Nc5 20.Nfh2 Kh7 21.Qf3 f5 22.exf5 Bxf5
23.Bxf5 Rxf5 24.Qg2 Nd3+ 25.Kd1 Qf7 26.Be3 Nxb2+ 27.Kc2 Na4 28.Qe4 Nf4 29.
Nf3 Qxd5 30.Ng5+ Kh8 31.Bxf4 exf4 32.Qxd5 Rxd5 33.Ne4 Rd3 34.Rad1 d5 35.
Rxd3 cxd3+ 36.Kxd3 dxe4+ 37.Kxe4 Nxc3+ 38.Kd3 b4 39.Nh2 b3 40.Nf3 b2 41.
Nd2 Rd8+ 42.Kc2 Rxd2+ 43.Kxd2 b1=Q 44.Rxb1 Nxb1+ 45.Ke2 Bf6 46.Kf3 Bxh4 
47.Kxf4 Bxf2 48.Kg4 Kg7 49.Kg5 Nd2 50.Kg4 Kf6 51.Kf4 g5+ 52.Kg4 Bc5 53.Kg3
Kf5 54.Kh3 Kf4 55.Kg2 Nc4 56.Kh1 Bf8 57.Kg2 g4 58.Kf1 g3 59.Kg2 Ne5 60.Kh1
Kf3 0-1

[Event "27. Friedensfest-Open (AFRO-A)"]
[Site "Augsburg"]
[Date "2022.08.04"]
[Round "1.14"]
[White "Roehr, Oliver"]
[Black "Knoll, Georg"]
[Result "1/2-1/2"]
[WhiteElo "2141"]
[BlackElo "1985"]
[EventDate "2022.08.04"]
[WhiteTeam "SV Mattnetz Berlin e.V."]
[BlackTeam "VfL Leipheim 1898"]

1.e4 g6 2.d4 Bg7 3.Nf3 c5 4.dxc5 Qa5+ 5.c3 Qxc5 6.Be3 Qc7 7.Nbd2 Nf6 8.Nd4
Nc6 9.Nb5 Qb8 10.c4 d6 11.Be2 Bd7 12.O-O O-O 13.f4 a6 14.Nc3 e5 15.Nd5 
Nxd5 16.cxd5 Nd4 17.Bxd4 exd4 18.f5 Qd8 19.Rc1 Rc8 20.Rxc8 Bxc8 21.fxg6 
hxg6 22.Bd3 b5 23.Nf3 Bg4 24.a4 Qb6 25.Qb3 b4 26.Rc1 Bxf3 27.gxf3 Qd8 28.
Qd1 a5 29.f4 Bh6 30.Qg4 Qf6 31.Rf1 Re8 32.Kg2 Re7 33.Qc8+ Kg7 34.Kg3 Kh7 
35.h4 Ra7 36.h5 Kg7 37.hxg6 Qxg6+ 38.Kh3 Qh5+ 39.Kg3 Qg6+ 40.Kf3 Qh5+ 41.
Qg4+ Qxg4+ 42.Kxg4 Rc7 43.e5 dxe5 44.fxe5 Rc5 45.Be4 b3 46.Rf6 d3 47.Rf3 
d2 48.Rd3 Kf8 49.Bf3 Rc4+ 50.Kh5 Bf4 51.d6 Bxe5 52.Bd5 Rc5 53.Bxf7 Kxf7 
54.d7 Bf6+ 55.Kg4 Bg5 56.d8=Q Bxd8 57.Rxd8 Rc4+ 58.Kf3 Rxa4 59.Ke2 Rc4 60.
Rxd2 Ke6 61.Kd3 Kd5 62.Rh2 Rc5 63.Rh6 Rc2 64.Rh5+ Kc6 65.Rxa5 Rxb2 66.Kc3 
1/2-1/2

[Event "27. Friedensfest-Open (AFRO-A)"]
[Site "Augsburg"]
[Date "2022.08.04"]
[Round "1.40"]
[White "Blodig, Samuel"]
[Black "Luetkemeyer, Arnd"]
[Result "1-0"]
[WhiteElo "1479"]
[BlackElo "1831"]
[EventDate "2022.08.04"]
[WhiteTeam "TV Riedenburg Schach"]
[BlackTeam "SK Germering e. V."]

1.e4 Nf6 2.Bc4 c6 3.e5 Nd5 4.d4 d6 5.Nf3 Bf5 6.O-O e6 7.Bb3 Nd7 8.c4 Nc7 
9.Bg5 Qc8 10.Nc3 d5 11.Nh4 h6 12.Nxf5 hxg5 13.Nd6+ Bxd6 14.exd6 dxc4 15.
Bxc4 Nd5 16.Qg4 Qd8 17.Rae1 N7f6 18.Qg3 Qd7 19.Bxd5 Nxd5 20.Nxd5 cxd5 21.
Rc1 O-O 22.Rc7 Qb5 23.Rfc1 Rad8 24.Qa3 Qb6 25.d7 Qxd4 26.Rc8 Qf6 27.Qd6 e5
28.Qxf6 gxf6 29.Rxd8 Rxd8 30.Rc8 1-0

[Event "27. Friedensfest-Open (AFRO-A)"]
[Site "Augsburg"]
[Date "2022.08.06"]
[Round "5.39"]
[White "Blodig, Vincent"]
[Black "Schoenwetter, Martin"]
[Result "0-1"]
[WhiteElo "1507"]
[BlackElo "1498"]
[EventDate "2022.08.04"]
[Time "09:30:00"]
[WhiteTeam "SF Augsburg"]
[BlackTeam "Schachges. Augsburg 1873"]

1.e4 Nf6 2.e5 Nd5 3.d4 d6 4.Nf3 g6 5.Bc4 Nb6 6.Bb3 Bg7 7.Bf4 O-O 8.O-O Bg4
9.h3 Bxf3 10.Qxf3 Nc6 11.e6 fxe6 12.Bxe6+ Kh8 13.d5 Nd4 14.Qe4 Rxf4 15.Qe3
Nxe6 16.dxe6 Rf8 17.Nd2 c6 18.Ne4 Nd5 19.Qg3 Nf4 20.Qh4 Nxe6 21.Qg4 d5 22.
Qxe6 dxe4 23.Rad1 Qb6 24.Rd7 Bf6 25.Rfd1 Rad8 26.Kh2 Rxd7 27.Rxd7 Qxf2 28.
Qxe4 Qc5 29.Rxb7 Be5+ 0-1

[Event "27. Friedensfest-Open (AFRO-A)"]
[Site "Augsburg"]
[Date "2022.08.05"]
[Round "3.38"]
[White "Pikal, Alexander, Dr."]
[Black "Frenkel, Matthias"]
[Result "1/2-1/2"]
[WhiteElo "1958"]
[BlackElo "1667"]
[EventDate "2022.08.04"]
[Time "09:30:00"]
[WhiteTeam "SC Ansbach 1855 e.V."]
[BlackTeam "SK Kriegshaber"]

1.f4 Nf6 2.Nf3 e6 3.e3 d5 4.b3 c5 5.Bb2 Nc6 6.Bb5 Bd7 7.a4 Be7 8.O-O Nb4 
9.Ne5 Nc6 10.Bxc6 Bxc6 11.d3 d4 12.e4 Qc7 13.Nd2 b6 14.Ndc4 Bb7 15.a5 b5 
16.Nd2 a6 17.b4 Rc8 18.bxc5 Qxc5 19.Nb3 Qxc2 20.Bxd4 O-O 21.Rc1 Qa2 22.Ra1
Qc2 23.Rc1 Qa2 24.Ra1 Qc2 25.Rc1 Qa2 1/2-1/2

[Event "27. Friedensfest-Open (AFRO-A)"]
[Site "Augsburg"]
[Date "2022.08.07"]
[Round "7.36"]
[White "Pikal, Alexander, Dr."]
[Black "Cordes, Jule Johanne"]
[Result "1-0"]
[WhiteElo "1958"]
[BlackElo "1802"]
[EventDate "2022.08.04"]
[Time "09:30:00"]
[WhiteTeam "SC Ansbach 1855 e.V."]
[BlackTeam "Bielefelder SK von 1883"]

1.f4 d5 2.Nf3 Nf6 3.e3 g6 4.d4 Bg7 5.Bd3 O-O 6.c3 b6 7.Qe2 c5 8.Nbd2 Nc6 
9.Ne5 Qc7 10.O-O c4 11.Bc2 e6 12.Rf3 Bb7 13.Rh3 Ne8 14.Qf2 f5 15.Qh4 Bf6 
16.Qg3 Qg7 17.Ndf3 Nd6 18.Qe1 Ne4 19.b3 b5 20.Ba3 Rfc8 21.bxc4 bxc4 22.Ba4
Be7 23.Bxe7 Qxe7 24.Rb1 Nxe5 25.Nxe5 Rab8 26.Nd7 Bc6 27.Rxb8 Rxb8 28.Bxc6 
Rb2 29.Rf3 Qd6 30.Qh4 Rb1+ 31.Rf1 Rxf1+ 32.Kxf1 Qa3 33.Nf6+ Nxf6 34.Qxf6 
Qc1+ 35.Kf2 Qd2+ 36.Kf3 Qd1+ 37.Kg3 Qe1+ 38.Kh3 Qxe3+ 39.g3 Qe2 40.Qe5 
Qxe5 41.fxe5 1-0

[Event "27. Friedensfest-Open (AFRO-A)"]
[Site "Augsburg"]
[Date "2022.08.05"]
[Round "3.29"]
[White "Schuelke, Tilman"]
[Black "Doll, Luca Fabio"]
[Result "0-1"]
[WhiteElo "1867"]
[BlackElo "1653"]
[EventDate "2022.08.04"]
[Time "09:30:00"]
[WhiteTeam "SF Pfullingen"]
[BlackTeam "TSV Langenau"]

1.g3 d5 2.Bg2 Nf6 3.d3 e6 4.Nf3 Bd6 5.Nbd2 Nbd7 6.O-O b6 7.b3 Bb7 8.c4 O-O
9.Bb2 c5 10.e3 Rc8 11.Qc2 Qe7 12.Rfe1 Bb8 13.Rad1 Rfd8 14.Qb1 h6 15.Qa1 
Qf8 16.h3 Ba8 17.e4 d4 18.Rf1 e5 19.Rde1 Qe7 20.Qd1 Bc6 21.Bc1 Kh7 22.Kh1 
Nf8 23.Nh4 g6 24.Nhf3 Ne6 25.Ng1 Rf8 26.Ndf3 Kg7 27.Bd2 Rh8 28.Nh4 Bd7 29.
Bc1 Rce8 30.Qe2 Reg8 31.Rd1 Kf8 32.Qe1 Nh5 33.Nhf3 g5 34.Nh2 Ke8 35.Rd2 
Nf6 36.Qd1 h5 37.Rb2 Bc6 38.Ne2 Rh7 39.Bd2 Bd6 40.a3 Bd7 41.Nc1 Ng4 42.Kg1
Nxh2 43.Kxh2 Nc7 44.Qe2 Kd8 45.Na2 f5 46.exf5 Bxf5 47.Be4 Qe6 48.Bxf5 Qxf5
49.Qe4 Qxe4 50.dxe4 g4 51.hxg4 hxg4+ 52.Kg2 Rgh8 53.Rg1 Ne6 54.Nc1 Be7 55.
Nd3 Rh5 56.b4 cxb4 57.axb4 Kc7 58.Ra2 Kb7 59.Kf1 Re8 60.Ke2 Bg5 0-1

[Event "27. Friedensfest-Open (AFRO-A)"]
[Site "Augsburg"]
[Date "2022.08.07"]
[Round "7.19"]
[White "Schuelke, Tilman"]
[Black "Seisenberger, Georg"]
[Result "1/2-1/2"]
[WhiteElo "1867"]
[BlackElo "2085"]
[EventDate "2022.08.04"]
[Time "09:30:00"]
[WhiteTeam "SF Pfullingen"]
[BlackTeam "SV Ilmmuenster"]

1.g3 d5 2.Bg2 e5 3.d3 c5 4.Nf3 Nc6 5.O-O Nge7 6.e4 d4 7.Nh4 Be6 8.f4 f6 9.
f5 Bf7 10.Bf3 Nc8 11.b3 Nd6 12.a4 Qc7 13.Bh5 O-O-O 14.Bxf7 Qxf7 15.Na3 Kb8
16.Qe2 Rc8 17.Bd2 Be7 18.Rf2 Bd8 19.Nc4 Nxc4 20.bxc4 Ba5 21.Bxa5 Nxa5 22.
Nf3 Nc6 23.Nd2 Nb4 24.Nb3 Qe7 25.Qd2 Rc6 26.Rg2 Kc7 27.g4 Kb8 28.Kh1 g5 
29.fxg6 hxg6 30.Rf1 g5 31.Rf3 Rh6 32.Rgg3 Rc8 33.Rh3 Rch8 34.Qg2 b6 35.
Rxh6 Rxh6 36.Qf2 Nc6 37.Nd2 Nd8 38.Nf1 Ne6 39.Ng3 Qd8 40.Nh5 Nf4 41.h3 Qd7
42.a5 bxa5 43.Qe1 Qa4 44.Nxf4 gxf4 45.Kg2 Rh7 46.Qd2 Qb4 47.Qe2 a4 48.Rf1 
a3 49.g5 fxg5 50.Qg4 a2 51.Qf5 Qb7 52.Ra1 f3+ 53.Kg3 Qd7 54.Qxe5+ Qc7 55.
Qxc7+ Kxc7 56.Rxa2 Kb6 57.Kxf3 Rxh3+ 58.Kg4 Rh8 59.Kxg5 Rf8 60.Kg4 a5 61.
e5 Rf7 62.Kg5 Ra7 63.Kf6 Kc6 64.Ra1 a4 65.Re1 a3 66.e6 a2 67.e7 Ra8 68.Kf7
Kd7 69.Ra1 Re8 70.Rxa2 Rxe7+ 71.Kf6 Re2 72.Ra7+ Kd6 73.Ra6+ Kd7 74.Ra7+ 
Kd6 1/2-1/2

[Event "27. Friedensfest-Open (AFRO-A)"]
[Site "Augsburg"]
[Date "2022.08.04"]
[Round "1.31"]
[White "Schuelke, Tilman"]
[Black "Mohylnyi, Stepan"]
[Result "1-0"]
[WhiteElo "1867"]
[BlackElo "1709"]
[EventDate "2022.08.04"]
[WhiteTeam "SF Pfullingen"]
[BlackTeam "SC Noris-Tarrasch Nuernberg 1873"]

1.g3 Nf6 2.Bg2 d5 3.d3 e5 4.Nd2 Bd6 5.c3 Be6 6.Qc2 Nbd7 7.Ngf3 h6 8.O-O c6
9.Re1 Qc7 10.e4 O-O 11.h3 Rfe8 12.Kh2 Nh7 13.d4 f6 14.c4 b6 15.a3 a5 16.b3
Rac8 17.Bb2 g6 18.Rac1 dxe4 19.Nxe4 Bf8 20.dxe5 fxe5 21.Rcd1 Rcd8 22.Rd2 
g5 23.Nc3 Bg7 24.Nd1 Rf8 25.Ne3 Nc5 26.Red1 Rxd2 27.Rxd2 a4 28.b4 Nb3 29.
Rd1 Re8 30.Bc3 Nf8 31.Nd2 Nd4 32.Bxd4 exd4 33.Nf5 Bxf5 34.Qxf5 c5 35.bxc5 
bxc5 36.Bd5+ Kh8 37.Ne4 Nd7 38.Rb1 Re5 39.Qf7 Qd8 40.Qf3 Nb6 41.Nxc5 Nxd5 
42.cxd5 Rxd5 43.Ne6 Qd6 44.Nxg7 d3 45.Nf5 Qd7 46.Ne3 Rb5 47.Qa8+ 1-0

[Event "27. Friedensfest-Open (AFRO-A)"]
[Site "Augsburg"]
[Date "2022.08.06"]
[Round "5.38"]
[White "Schuelke, Tilman"]
[Black "Dommnich, Alexander"]
[Result "1-0"]
[WhiteElo "1867"]
[BlackElo "1587"]
[EventDate "2022.08.04"]
[Time "09:30:00"]
[WhiteTeam "SF Pfullingen"]
[BlackTeam "SF Augsburg"]

1.g3 f5 2.d4 g6 3.c4 d6 4.Nf3 Nf6 5.Nc3 Bg7 6.Rb1 a5 7.b3 c6 8.Bg2 O-O 9.
O-O Qc7 10.Ba3 Na6 11.Qd2 Re8 12.Rbd1 Rb8 13.c5 Ne4 14.Nxe4 fxe4 15.Ne1 d5
16.Bb2 Bf5 17.Nc2 Nxc5 18.Ne3 Ne6 19.Nxf5 gxf5 20.e3 Bf6 21.Rc1 h5 22.h4 
Kh7 23.Bh3 Ng7 24.Kh1 Rg8 25.Rg1 Kg6 26.Rcf1 Ne6 27.Bc3 b6 28.Bb2 Nf8 29.
Rc1 b5 30.Rc2 e6 31.Rgc1 Rc8 32.Rxc6 Qxc6 33.Rxc6 Rxc6 34.Qxa5 Rc2 35.Bc3 
Nh7 36.Bb4 Rgc8 37.Bc5 Rxf2 38.Qa6 Rh8 39.Qxe6 Rxa2 40.Bxf5+ Kg7 41.Qd7+ 
Kh6 42.Bd6 1-0

[Event "27. Friedensfest-Open (AFRO-A)"]
[Site "Augsburg"]
[Date "2022.08.04"]
[Round "1.6"]
[White "Karsay, Pascal"]
[Black "Hoeller, Armin"]
[Result "1-0"]
[WhiteElo "2270"]
[BlackElo "2045"]
[EventDate "2022.08.04"]
[WhiteTeam "SV Worms 1878"]
[BlackTeam "SK Weilheim e.V."]

1.Nf3 f5 2.d3 d6 3.e4 e5 4.Nc3 Nf6 5.exf5 Bxf5 6.d4 e4 7.Nh4 Bg4 8.Be2 Bd7
9.Bh5+ g6 10.Nxg6 hxg6 11.Bxg6+ Ke7 12.Bg5 Bg7 13.Nxe4 Qf8 14.Qf3 Bc6 15.
O-O-O Nd7 16.Rhe1 Kd8 17.d5 Ne5 18.Bxf6+ Qxf6 19.Qxf6+ Bxf6 20.Nxf6 Bb5 
21.Be4 Rh6 22.f4 Rxf6 23.fxe5 dxe5 24.Bf3 Rf5 25.d6 c6 26.b3 Ba6 27.h4 1-0